Instituciones y juventud: una relación transformadora en la crisis

Zapisane w:
Opis bibliograficzny
1. autor: Pérez Islas, José Antonio
Format: Texto
Wydane: México D.F.: s.e.
Etykiety: Dodaj etykietę
Nie ma etykietki, Dołącz pierwszą etykiete!

MARC

LEADER 00000 a a2200000 04500
001 24035
003
040
090 |a 170500  
100 |a Pérez Islas, José Antonio  
245 |a Instituciones y juventud: una relación transformadora en la crisis  
260 |a México D.F.:   |b s.e.  
300 |a 8 p.  
999 |c 14251  |d 14251